<?xml version="1.0" encoding="UTF-8"?><?xml-stylesheet type="text/xsl" href="static/style.xsl"?><OAI-PMH xmlns="http://www.openarchives.org/OAI/2.0/" xmlns:xsi="http://www.w3.org/2001/XMLSchema-instance" xsi:schemaLocation="http://www.openarchives.org/OAI/2.0/ http://www.openarchives.org/OAI/2.0/OAI-PMH.xsd"><responseDate>2026-04-17T01:07:31Z</responseDate><request verb="GetRecord" identifier="oai:www.recercat.cat:20.500.12694/7460" metadataPrefix="marc">https://recercat.cat/oai/request</request><GetRecord><record><header><identifier>oai:recercat.cat:20.500.12694/7460</identifier><datestamp>2026-01-01T05:31:33Z</datestamp><setSpec>com_2072_179042</setSpec><setSpec>col_2072_484474</setSpec></header><metadata><record xmlns="http://www.loc.gov/MARC21/slim" xmlns:dcterms="http://purl.org/dc/terms/" xmlns:xsi="http://www.w3.org/2001/XMLSchema-instance" xmlns:doc="http://www.lyncode.com/xoai" xsi:schemaLocation="http://www.loc.gov/MARC21/slim http://www.loc.gov/standards/marcxml/schema/MARC21slim.xsd">
   <leader>00925njm 22002777a 4500</leader>
   <datafield ind2=" " ind1=" " tag="042">
      <subfield code="a">dc</subfield>
   </datafield>
   <datafield ind2=" " ind1=" " tag="720">
      <subfield code="a">Orell Villalonga, Jordi</subfield>
      <subfield code="e">author</subfield>
   </datafield>
   <datafield ind2=" " ind1=" " tag="260">
      <subfield code="c">2020-06</subfield>
   </datafield>
   <datafield ind2=" " ind1=" " tag="520">
      <subfield code="a">A Menorca, els propagandístics Festivals de la Cançó Menorquina (1964-1967) i les seves cançons gesten el concepte de cançó menorquina, que imagina i conceptualitza l’illa com un espai paradisíac en un moment de creixement turístic. Tot i que no van ser els únics, el grup Los Parranderos (1962-1997) esdevé símbol d’aquest gènere, creant i popularitzant noves cançons – juntament amb el músic Josep Lluís Ortega Monasterio i el poeta Tòfol Mus – en la mateixa línia discursiva. El treball analitza quins són els imaginaris creats per aquestes cançons i com van en paral·lel amb la situació sociocultural de l’illa. Alhora, explica com, inserint-se en algunes situacions i pràctiques socials i culturals, les cançons configuren també la identitat dels menorquins i com aquests es relacionen amb l’illa.</subfield>
   </datafield>
   <datafield ind2=" " ind1=" " tag="520">
      <subfield code="a">En Menorca, los propagandísticos Festivales de la Canción Menorquina (1964-1967) y sus canciones gestan el concepto de canción menorquina, que imagina y conceptualiza la isla como un espacio paradisíaco en un momento de crecimiento turístico. Aunque no fueron los únicos, el grupo Los Parranderos (1962-1997) se convierte en símbolo de este género, creando y popularizando nuevas canciones – junto con el músico Josep Lluís Ortega Monasterio y el poeta Tòfol Mus – en la misma línea discursiva. El trabajo analiza cuáles son los imaginarios creados por estas canciones y cómo van en paralelo con la situación sociocultural de la isla. Asimismo, explica cómo, insertándose en algunas situaciones y prácticas sociales y culturales, las canciones configuran también la identidad de los menorquines y cómo estos se relacionan con la isla.</subfield>
   </datafield>
   <datafield ind2=" " ind1=" " tag="520">
      <subfield code="a">In Menorca, the propagandistic Festivals de la Cançó Menorquina (Menorcan Song Festivals) (1964-1967) and their songs produce the concept of the cançó menorquina (Menorcan song), which imagines and conceptualizes the island as a paradisiacal space during a period of touristic growth. Although they were not the only ones, the group Los Parranderos (1962-1997) became a symbol of this genre, creating and popularizing new songs – along with the musician Josep Lluís Ortega Monasterio and the poet Tòfol Mus – in the same discursive line. This work analyzes the imaginaries created by these songs and how they parallel the socio-cultural situation of the island. At the same time, it aims to explain how, by engaging in some social and cultural situations and practices, the songs also shape the identity of Menorcans and how they relate to the island.</subfield>
   </datafield>
   <datafield ind1="8" ind2=" " tag="024">
      <subfield code="a">http://hdl.handle.net/20.500.12694/7460</subfield>
   </datafield>
   <datafield tag="653" ind2=" " ind1=" ">
      <subfield code="a">TFG Musicologia</subfield>
   </datafield>
   <datafield tag="653" ind2=" " ind1=" ">
      <subfield code="a">Festivals de música--Menorca--1964-1967</subfield>
   </datafield>
   <datafield tag="653" ind2=" " ind1=" ">
      <subfield code="a">Festival de la Cançó Menorquina</subfield>
   </datafield>
   <datafield tag="653" ind2=" " ind1=" ">
      <subfield code="a">Cançons menorquines--S. XX</subfield>
   </datafield>
   <datafield tag="653" ind2=" " ind1=" ">
      <subfield code="a">Cançons menorquines--S. XXI</subfield>
   </datafield>
   <datafield tag="653" ind2=" " ind1=" ">
      <subfield code="a">Parranderos (Grup musical)</subfield>
   </datafield>
   <datafield tag="653" ind2=" " ind1=" ">
      <subfield code="a">Imaginari--Menorca--S. XX</subfield>
   </datafield>
   <datafield tag="653" ind2=" " ind1=" ">
      <subfield code="a">Representacions socials--Menorca--S. XX</subfield>
   </datafield>
   <datafield tag="653" ind2=" " ind1=" ">
      <subfield code="a">Identitat col·lectiva--Menorca--S. XX</subfield>
   </datafield>
   <datafield tag="653" ind2=" " ind1=" ">
      <subfield code="a">Turisme--Menorca--S. XX</subfield>
   </datafield>
   <datafield ind2="0" ind1="0" tag="245">
      <subfield code="a">Cantan "Los Parranderos": música, oci, turisme identitat i paisatge a la Menorca de la segona meitat del segle XX i principis del XXI</subfield>
   </datafield>
</record></metadata></record></GetRecord></OAI-PMH>